LDR 00532naa#a2200169#i#450# 001 EN\\bibl\120524 005 20260501055655.5 011 ## _a2500-1825 100 ## _a20260331b2026####ek#y0engy0150####ca 102 ## _aRU 200 1# _aNATURAL HISTORY OF LOCAL LORE IN THE OMSK IRTYSH REGION _eJournal article 210 1# _aKrasnoyarsk _cKrasnoyarsk State Agrarian University _d2026 215 ## _a12 с. 608 ## _aJournal article _2local 675 ## _aВсеобщая история. 94 _z 700 #1 _aBerezina _gElena Sergeevna 856 4# _akgau.editorum.ru _u